Normal view
MARC view
- Colquitt, Alan L.,
Entry Personal Name
001 - CONTROL NUMBER
- control field: 24305
003 - CONTROL NUMBER IDENTIFIER
- control field: NUST
005 - DATE AND TIME OF LATEST TRANSACTION
- control field: 20191018101725.0
008 - FIXED-LENGTH DATA ELEMENTS
- fixed length control field: 191018|| aca||aabn | a|a d
040 ## - CATALOGING SOURCE
- Original cataloging agency: NUST
- Transcribing agency: NUST
100 ## - HEADING--PERSONAL NAME
- Personal name: Colquitt, Alan L.,
- Relator term: author.
670 ## - SOURCE DATA FOUND
- Source citation: Work cat.: (NUST)0: Colquitt, Alan L., author., Next generation performance management :
